| 000 | 00576nam a2200205Ia 4500 | ||
|---|---|---|---|
| 005 | 20241129110131.0 | ||
| 008 | 241129s9999||||xx |||||||||||||| ||und|| | ||
| 037 | _aTB | ||
| 040 |
_aARTS _beng _cARTS |
||
| 041 |
_aeng _2ara |
||
| 084 |
_aRw541 28R2 _qARTS |
||
| 100 |
_aMehmoodi Abdul Rasheed Au. _9727333 |
||
| 245 | 0 |
_aFalasafa al-undalis _cMehmoodi Abdul Rasheed Au. |
|
| 260 |
_aCairo, Egypt _bAl-darul Misria al-Labnania _c2017 |
||
| 300 | _a198p. | ||
| 365 |
_aINR _b520 |
||
| 650 | _aPhilosophy | ||
| 942 |
_cTB _hRw541 28R2 |
||
| 999 |
_c1227433 _d1227433 |
||